000 00301nam a22001337a 4500
008 170628b xxu||||| |||| 00| 0 eng d
020 _a9780321244437
041 _aeng
080 _a82
100 _a21
101 _aGJL
245 _aLITERATURE A POCKET ANTHOLOGY
_cGWYNN.R.S
942 _2udc
_cBK
999 _c19393
_d19393